[Event "9th LCC FIDE Open 2017"]
[Site "London"]
[Date "2017.12.08"]
[Round "8"]
[White "Motylev, Alexander"]
[Black "Le Roux, Jean-Pierre"]
[Result "1-0"]
[WhiteElo "2675"]
[BlackElo "2560"]
[Annotator "TA"]
[PlyCount "63"]
[EventDate "2017.??.??"]
[EventCountry "ENG"]
[SourceTitle "playchess.com"]
[Source "ChessBase"]
[SourceQuality "1"]

{[%evp 17,63,40,41,50,48,40,34,36,34,27,46,30,34,36,41,42,56,59,125,125,125,124,133,133,133,133,133,129,133,133,166,129,129,129,129,111,126,121,216,218,205,207,212,165,219,216,214,214]} 1. e4 e5 2. Nf3 Nc6 3. Bb5 a6 4. Ba4 d6 5. O-O Bd7 6. d4 exd4 {C72: Ruy Lopez: Deferred Steinitz: 5 0-0} 7. Bxc6 Bxc6 8. Nxd4 Be7 9. Nxc6 bxc6 {LiveBook: 4 Games} 10. Qf3 Qd7 11. Bf4 $146 ({Predecessor:} 11. Nd2 Bf6 12. Nc4 Ne7 13. Bf4 Qe6 14. Qd3 O-O 15. Rae1 {½-½ (40) Dominguez Perez,L (2725)-Ivanchuk,V (2769) London 2012}) 11... Bf6 12. Nc3 Ne7 13. Qd3 Bxc3 14. Qxc3 O-O 15. Rad1 Qe6 16. Rfe1 c5 17. Bg3 Ng6 (17... Rfb8 $14) 18. e5 $16 {[%cal Re5d6]} dxe5 19. Bxe5 Nxe5 20. Rxe5 ({Don't play} 20. Qxe5 $6 Qxa2 21. Qc3 (21. Qxc5 Qxb2 22. Rb1 Qf6 $15) 21... Rfd8 $14) 20... Qxa2 21. b3 ({And not} 21. Qxc5 Qxb2 22. Qxc7 Rac8 $15) 21... Qa3 22. Rxc5 a5 23. g3 $40 {[%mdl 128] White is out for blood.} Rad8 24. Ra1 Qb4 25. Qxb4 axb4 26. Rxc7 {[%mdl 4096] Endgame KRR-KRR} g6 27. Raa7 Rd4 (27... Rb8 $16 28. Kf1 Rbc8) 28. Rab7 $18 {White is clearly better.} g5 29. Kf1 h6 30. Rc4 Rd2 (30... Rxc4 {was called for.} 31. bxc4 Rd8) 31. Ke1 Rfd8 32. Rbxb4 {Precision: White = 83%, Black = 53%.} 1-0

[Event "9th LCC FIDE Open 2017"]
[Site "London"]
[Date "2017.12.08"]
[Round "8"]
[White "Nabaty, Tamir"]
[Black "Melkumyan, Hrant"]
[Result "1/2-1/2"]
[WhiteElo "2657"]
[BlackElo "2633"]
[Annotator "TA"]
[PlyCount "158"]
[EventDate "2017.??.??"]
[EventCountry "ENG"]
[SourceTitle "playchess.com"]
[Source "ChessBase"]
[SourceQuality "1"]

{[%evp 12,158,12,2,14,22,29,8,11,3,12,12,10,6,0,0,1,0,10,10,11,0,24,16,14,6,0,-6,-7,-8,-8,-71,-74,-86,-87,-85,-81,-84,-102,-86,-40,-41,-41,-39,-30,-34,-35,-27,-30,-32,0,0,0,0,0,0,0,0,22,2,2,3,10,14,55,57,72,76,119,93,98,41,104,19,67,0,111,91,95,104,156,137,217,235,222,43,39,27,25,-80,-83,-61,0,0,0,0,0,0,0,0,0,0,0,0,0,0,0,0,0,0,0,0,0,0,0,0,0,0,8,0,4,4,8,0,0,0,0,0,8,1,1,0,0,0,8,0,0,0,0,0,0,0,0,0,8,8,8,8,8]} 1. d4 d5 2. c4 e6 3. Nc3 Nf6 4. Bg5 Be7 5. e3 O-O 6. Qc2 h6 7. Bh4 c5 {D53: Queen's Gambit Declined: 4 Bg5 Be7: Early deviations} 8. dxc5 Qa5 (8... Nbd7 9. cxd5 Nxd5 10. Bxe7 Qxe7 11. Nxd5 exd5 12. Nf3 Nxc5 13. Be2 Bg4 14. O-O Rac8 15. Rfd1 Rfd8 16. h3 Ne6 17. Qa4 Bh5 18. Rd2 d4 19. Qxa7 Bxf3 20. Bxf3 Qb4 {½-½ (29) Kasparov,G (2812)-Dominguez Perez,L (2739) Saint Louis 2017}) 9. a3 {Black should prevent b4.} Nc6 10. Nf3 dxc4 11. Bxc4 Qxc5 12. Bd3 Bd7 13. b4 $146 ({Predecessor:} 13. Rd1 Rfd8 14. b4 Qh5 15. h3 {½-½ (149) Kortschnoj,V (2676)-Chiburdanidze,M (2551) Marbella 1999}) 13... Qh5 14. h3 Ne5 15. Nxe5 Qxe5 16. Bg3 Qh5 17. O-O Rfc8 18. Qb3 a5 19. b5 a4 $36 {[%mdl 2048] Black has the initiative.} 20. Qb2 Qc5 21. Rfc1 (21. Ne2 $1 $11) 21... Nh5 $1 $17 22. Ne2 Qd5 23. Rxc8+ Rxc8 24. Rd1 Nxg3 25. Nxg3 {Strongly threatening Bh7+!} Qb3 26. Qxb3 axb3 27. Rb1 $1 Rc3 28. Bf1 $1 Bxa3 29. Ne2 Rc2 30. Rxb3 Ra2 31. Rd3 Be8 $1 32. Rd8 Kf8 33. Ra8 Ra1 34. Rb8 Rb1 35. Nc3 Rc1 36. Ne4 Bb4 37. Rxb7 Rb1 38. g4 $1 Be7 39. Rb8 Rb4 40. Bd3 g6 41. Kf1 (41. b6 $16 {Hoping for b7.} f5 42. Nd2) 41... Rb3 (41... f5 $14 42. Nd2 Bd6) 42. Bc2 (42. Ke2 $16) 42... Rb4 43. Bd3 Rb3 $1 {[%cal Rb3d3]} 44. Ke2 $1 f5 45. Nd2 Rb2 {[#]} (45... Rb4 $142) 46. Kd1 $1 $16 Kf7 (46... Rb4 $16 {is a better defense.} 47. Bc4 Bf6) 47. gxf5 gxf5 {[#]} 48. Be2 $2 ({White should play} 48. f4 $1 $18) 48... Bc6 $1 $14 49. Bc4 Bg2 50. Rb6 (50. Bd3 $11) 50... Bb4 $17 51. Bxe6+ Ke7 ({Better is} 51... Kg7 $1 $15 52. Nc4 Rxf2) 52. Nc4 $11 {The position is equal.} Rxf2 {...Be4 is the strong threat.} 53. Ne5 Rd2+ 54. Kc1 Rd6 55. Ng6+ Kf6 (55... Kxe6 $5 56. Nf4+ $8 Ke5 57. Rxd6 Bxd6 58. Nxg2 Bc5 $11) 56. Rxd6 Bxd6 {[#]} 57. Bxf5 $1 {[%mdl 4608] Endgame KBB-KBN} Bf1 (57... Kxf5 58. Nh4+) 58. Be4 Bxb5 59. Nf4 Kg5 60. Ne6+ Kf6 61. Nd4 Bd7 62. Bg2 Kg5 63. Nf3+ Kf6 64. Nd2 Bf5 65. Kd1 Bb4 66. Ke2 Be6 67. Ne4+ Ke5 68. Nf2 {aiming for Nd3+.} Bd6 (68... Bc4+ {is interesting.} 69. Nd3+ Kf5 70. e4+ Kg5 71. Ke3 Bc3) 69. Bc6 Bf5 70. Kf3 Kf6 71. Bb5 Bc7 72. Bc6 Bb8 73. Be8 Kg5 74. Bb5 Kh4 75. Bf1 Bg3 76. Bg2 h5 77. e4 Bxf2 78. Kxf2 Bxe4 79. Bxe4 Kxh3 {Precision: White = 55%, Black = 54%.} 1/2-1/2

[Event "9th LCC FIDE Open 2017"]
[Site "London"]
[Date "2017.12.08"]
[Round "8"]
[White "Jones, Gawain C B"]
[Black "Jackson, James P"]
[Result "1-0"]
[WhiteElo "2654"]
[BlackElo "2314"]
[Annotator "TA"]
[PlyCount "67"]
[EventDate "2017.??.??"]
[EventCountry "ENG"]
[SourceTitle "playchess.com"]
[Source "ChessBase"]
[SourceQuality "1"]

{[%evp 17,66,12,14,6,68,82,73,73,80,82,59,70,79,76,94,6,13,23,31,18,46,47,46,41,35,31,31,30,50,27,43,57,76,41,40,49,142,142,145,145,400,395,29995,29996,29996,29997,29997,29998,29998,29999,29999]} 1. e4 c5 2. Nf3 Nc6 3. Bb5 g6 4. Bxc6 bxc6 5. O-O Bg7 6. Re1 Nh6 7. c3 O-O 8. d4 cxd4 9. cxd4 d5 10. e5 {B31: Sicilian: 2...Nc6 3 Bb5 g6} Bg4 (10... f6 $11) (10... f6 11. exf6 exf6 12. Nbd2 Re8 13. Nb3 Nf7 14. Nc5 Bg4 15. Rxe8+ Qxe8 16. h3 Bxf3 17. Qxf3 Qe1+ {0-1 (51) Inarkiev,E (2730)-Gelfand,B (2734) Magas 2016}) 11. Nbd2 $1 $14 {[%cal Bb1d2,Bd2f3,Bf3d4][%mdl 32]} f6 12. h3 {White is better.} Bxf3 13. Nxf3 Nf7 14. Bf4 Qb6 15. Qd2 fxe5 16. dxe5 $146 (16. Bxe5 $16 Nxe5 17. Nxe5) ({Predecessor:} 16. Nxe5 Nd6 17. Bh6 Ne4 18. Rxe4 Bxh6 19. Qxh6 dxe4 20. Nxg6 Qxd4 21. Nxe7+ {1-0 (59) Ramiro Ovejero,J (2368)-Munoz Pantoja,M (2483) La Roda 2013}) 16... e6 $11 17. b4 a5 18. Nd4 Qxb4 19. Qxb4 axb4 20. Nxe6 Rfc8 21. Nxg7 Kxg7 22. e6 Nd8 23. Bd6 Kf6 24. e7 Ne6 25. Re3 Kf7 26. Rae1 $36 {[%mdl 2048] White is more active.} Nd4 {[#]} ({Black should try} 26... Ng5 $1 $14) 27. Bc5 $1 $16 {[%cal Rc5d4]} ({Don't play} 27. Bxb4 $6 Ke8 $11) 27... Nf5 {[#]} 28. Rf3 $1 Ke8 $2 {[%mdl 8192]} (28... Ra3 $16) 29. g4 $18 Nh4 $2 (29... Ng7 $18 30. Bxb4 Ra4 31. Rf8+ Kd7 32. Rxc8 Kxc8 33. e8=Q+ Nxe8 34. Rxe8+ Kb7) 30. Rf8+ {White mates.} Kd7 {[#]} 31. e8=Q+ $1 {[%mdl 512]} Rxe8 32. Rf7+ Kd8 33. Bb6+ Kc8 34. Rxe8# {Precision: White = 72%, Black = 26%.} 1-0

[Event "9th LCC FIDE Open 2017"]
[Site "London"]
[Date "2017.12.08"]
[Round "8"]
[White "Grandelius, Nils"]
[Black "Kotronias, Vasilios"]
[Result "1/2-1/2"]
[WhiteElo "2647"]
[BlackElo "2524"]
[Annotator "TA"]
[PlyCount "66"]
[EventDate "2017.??.??"]
[EventCountry "ENG"]
[SourceTitle "playchess.com"]
[Source "ChessBase"]
[SourceQuality "1"]

{[%evp 14,66,50,50,63,53,45,33,56,74,66,73,83,75,112,124,133,138,171,184,230,225,201,174,272,91,95,104,94,118,152,164,160,125,125,99,112,103,159,159,151,162,166,168,200,0,0,0,0,0,0,0,0,0,0]} 1. d4 Nf6 2. c4 g6 3. Nc3 Bg7 4. e4 d6 5. h3 O-O 6. Be3 c5 7. Nf3 cxd4 8. Nxd4 b6 {E90: King's Indian: Classical: Early deviations and 6 h3} (8... Nc6 9. Be2 Nxd4 10. Bxd4 Bd7 11. O-O a5 12. Qc2 Bc6 13. Rad1 Nd7 14. Bxg7 Kxg7 15. Bg4 Nf6 16. e5 Nxg4 17. hxg4 {½-½ (36) Andreikin,D (2737)-Mamedov,R (2688) Tallinn 2016}) 9. Qd2 Bb7 10. f3 Nc6 $146 {White is slightly better.} ({Predecessor:} 10... Nbd7 11. g4 Rc8 12. Be2 Ne5 13. b3 a6 14. a4 e6 15. Rd1 Qc7 16. O-O {0-1 (37) Bluebaum,M (2632)-Teterev,V (2487) Minsk 2017}) 11. O-O-O Nxd4 12. Bxd4 a6 13. Kb1 Bc6 14. g4 Rb8 15. h4 b5 16. h5 e6 {intending ...b4.} 17. hxg6 fxg6 18. g5 b4 {[#]} (18... Nh5 {was necessary.}) 19. gxf6 $2 (19. Bh3 $1 $18 {[%cal Rh3e6] is the precise move to win.} bxc3 20. Bxe6+ Rf7 21. Qxc3 (21. Bxf6 $2 Bxf6 22. Bxf7+ Kxf7 $19) 21... Nxe4 22. fxe4 Bxe4+ 23. Ka1 Bxh1 24. Rf1 (24. Rxh1 Qe7 $14)) 19... bxc3 $16 20. Qxc3 Rxf6 21. Be2 Rf7 22. Bxg7 Rxg7 23. Rd2 a5 24. Rhd1 Rd7 25. Bf1 Qe7 (25... Rbb7 $142) 26. Qxa5 Qf6 27. Be2 Rdb7 {[%cal Rb7b2]} 28. b3 d5 29. Qc5 $2 ({Better is} 29. exd5 $18 exd5 30. cxd5) 29... Ba4 $1 $11 {[%cal Ra4b3] aiming for ...Bxb3!The position is equal.} 30. Qd4 $1 {[%cal Rd4f6]} (30. cxd5 {[#]} Bxb3 $1 {[%mdl 512]} 31. Bb5 Rxb5 32. Qxb5 Rxb5 33. Rc2 Bxc2+ 34. Kxc2 Qxf3 35. Rf1 Qxe4+ 36. Kd2 Rb2+ 37. Kc3 Rc2+ 38. Kb3 Qc4+ 39. Ka3 Rxa2#) 30... Bxb3 $1 31. Qxf6 Bxd1+ 32. Rb2 $1 Rxb2+ 33. Kc1 $1 Bxe2 {Precision: White = 79%, Black = 47%.} 1/2-1/2

[Event "9th LCC FIDE Open 2017"]
[Site "London"]
[Date "2017.12.08"]
[Round "8"]
[White "Maze, Sebastien"]
[Black "Stany, G A"]
[Result "1-0"]
[WhiteElo "2614"]
[BlackElo "2502"]
[Annotator "TA"]
[PlyCount "67"]
[EventDate "2017.??.??"]
[EventCountry "ENG"]
[SourceTitle "playchess.com"]
[Source "ChessBase"]
[SourceQuality "1"]

{[%evp 18,67,19,0,14,-14,-1,-3,33,25,22,0,0,3,0,1,84,90,68,92,79,76,82,76,75,78,83,37,56,39,105,50,44,44,61,50,93,95,74,48,48,36,330,328,29955,29946,6211,5306,2295,1764,2273,620]} 1. e4 c5 2. Nf3 e6 3. d4 cxd4 4. Nxd4 Nc6 5. Nc3 Qc7 6. f4 a6 7. Nxc6 bxc6 8. Bd3 d5 9. O-O Nf6 10. Qe2 Be7 {B46: Sicilian: Taimanov: 5 Nc3 a6} 11. Kh1 O-O 12. Bd2 Re8 {The position is equal.} (12... c5 13. b3 Bb7 14. e5 Nd7 15. Rae1 f5 16. exf6 Rxf6 17. Nd1 Bd6 18. Nf2 {1-0 (43) Bacrot,E (2692)-Laznicka,V (2676) Germany 2016}) 13. Rae1 Bf8 14. b3 $146 ({Predecessor:} 14. e5 Nd7 15. Na4 Nc5 16. Nxc5 Bxc5 17. Rf3 g6 18. h4 {½-½ (51) Schnegg,A (2133)-Kalaiyalahan,A (2017) Baku 2016}) 14... Bb7 15. e5 Nd7 $1 16. Na4 Nc5 (16... c5 $11 {keeps the balance.}) 17. Nxc5 $16 Bxc5 18. Rf3 g6 {[#]} 19. h4 $1 Bf8 20. h5 c5 21. Rh3 Rad8 22. hxg6 (22. Bxa6 Bxa6 23. Qxa6 Ra8 $15) 22... fxg6 23. c4 ({Of course not} 23. Bxa6 Bxa6 24. Qxa6 Ra8 $15) 23... dxc4 (23... d4 $14) 24. bxc4 ({White should try} 24. Bxc4 $16 Rd7 25. Be3) 24... Rd7 25. Qg4 Qc6 26. Ree3 {[%cal Be1e3,Be3h3,Bh3h7][%mdl 32]} Rg7 27. Be1 Rf7 {Threatening ...Rxf4!} 28. Rh2 Rd8 {Threatens to win with ...Rd4.} 29. Reh3 {aiming for Bxg6!} Rxd3 $4 {[%mdl 8192] [#]} (29... Rg7 $1 $14) 30. Qxg6+ $1 $18 {[%mdl 512]} Bg7 $2 ({Stronger than} 30... hxg6 31. Rh8+ Kg7 32. R2h7#) (30... Rg7 $18 31. Qxd3 Qe4) 31. Rxh7 {[%csl Gh2][%cal Rh7h8]} Qxg2+ 32. Rxg2 {[%cal Rh7g7] White is clearly winning.} Rdd7 33. Rh3 Rd4 {[#]} 34. Rh8+ $3 {Precision: White = 63%, Black = 49%.} 1-0

[Event "9th LCC FIDE Open 2017"]
[Site "London"]
[Date "2017.12.08"]
[Round "8"]
[White "Donchenko, Alexander"]
[Black "Hambleton, Aman"]
[Result "1-0"]
[WhiteElo "2569"]
[BlackElo "2474"]
[Annotator "TA"]
[PlyCount "81"]
[EventDate "2017.??.??"]
[EventCountry "ENG"]
[SourceTitle "playchess.com"]
[Source "ChessBase"]
[SourceQuality "1"]

{[%evp 9,81,3,4,9,7,17,2,16,35,39,71,-27,0,-8,-9,-33,48,45,39,31,58,47,57,37,64,60,46,58,67,46,59,57,77,66,74,74,95,79,83,89,77,77,115,79,68,68,125,117,131,130,135,128,101,109,122,121,180,196,207,164,239,231,269,267,344,343,344,340,332,339,374,375,526,526]} 1. c4 e5 2. g3 c6 3. Nf3 e4 4. Nd4 d5 5. cxd5 Qxd5 6. Nc2 {A20: English Opening: 1...e5} Nf6 7. Nc3 Qe5 (7... Qh5 8. Ne3 Bc5 9. Qc2 Qe5 10. Bg2 Bxe3 11. fxe3 Bf5 12. b4 O-O 13. Bb2 {1-0 (41) Aronian,L (2801)-Papaioannou,I (2652) Heraklio 2017}) 8. Bg2 {The position is equal.} Bf5 9. O-O Na6 $146 ({Predecessor:} 9... Nbd7 10. Ne3 Bg6 11. b3 h5 12. Nc4 Qe6 13. d3 h4 14. Nxe4 Nxe4 15. dxe4 hxg3 16. hxg3 Bxe4 {½-½ (43) Forintos,G (2490)-Enklaar,B (2425) Nice 1974}) 10. Ne3 (10. d4 $16 exd3 11. exd3) 10... Bg6 $1 $11 11. d4 exd3 $1 12. exd3 {[#] And now Nc4 would win.} Qc7 (12... O-O-O $1 $15) 13. d4 {Nc4 is the strong threat.} Be7 14. d5 {aiming for dxc6.} O-O 15. dxc6 bxc6 16. Qa4 Nc5 17. Qxc6 Qxc6 18. Bxc6 {Strongly threatening Ned5.} Rac8 19. Bg2 {[%cal Bc6g2,Bg2h3,Bh3d7][%mdl 32]} Nd3 20. Ned5 Nxd5 21. Nxd5 Bc5 22. Be3 Rfe8 23. Bh3 Rcd8 24. Bxc5 Nxc5 25. Nf4 Rd2 26. Rac1 Bc2 27. b4 Na4 ({Better is} 27... Na6 $14) 28. Bd7 $40 {[%mdl 128] Black is in trouble.} Rb8 29. Rxc2 $1 Rxc2 30. Bxa4 Rxa2 31. Bc6 Rxb4 32. Rd1 {[%cal Rd1d8]} Rb8 {[#]} (32... g5 $16 {is a better defense.} 33. Nh5 Kf8) 33. Rd7 $1 $18 Rf8 34. h4 g6 (34... a5 {keeps fighting.} 35. Kg2 a4) 35. Bd5 Ra1+ 36. Kg2 Ra3 37. Nh3 h6 38. Nf4 {Black must now prevent Nxg6.} Ra6 39. Nd3 Rf6 40. Ne5 a5 (40... Rf5 $142) 41. Ng4 {Precision: White = 88%, Black = 43%.} 1-0

[Event "9th LCC FIDE Open 2017"]
[Site "London"]
[Date "2017.12.08"]
[Round "8"]
[White "Mikhalevski, Victor"]
[Black "Hector, Jonny"]
[Result "1/2-1/2"]
[WhiteElo "2545"]
[BlackElo "2493"]
[Annotator "TA"]
[PlyCount "174"]
[EventDate "2017.??.??"]
[EventCountry "ENG"]
[SourceTitle "playchess.com"]
[Source "ChessBase"]
[SourceQuality "1"]

{[%evp 9,174,25,28,0,13,0,2,7,1,8,23,15,12,15,45,51,43,51,57,45,49,47,62,45,96,85,82,77,87,83,132,131,141,129,130,129,130,129,151,78,140,102,118,85,167,172,188,26,36,29,27,29,15,15,20,23,43,23,23,23,205,0,0,0,23,16,17,0,0,0,0,0,17,16,8,9,85,12,16,16,10,-82,-91,-87,-95,-80,-93,-95,-81,-99,-93,-91,-83,-95,-80,-95,-85,-96,-95,-85,-91,-88,-93,-79,-31,-35,0,0,0,0,0,0,0,0,0,0,0,0,0,0,0,0,0,0,0,0,0,0,0,0,0,0,0,0,0,0,0,0,0,0,0,0,0,0,0,0,0,0,0,0,0,0,0,0,0,0,0,0,0,0,0,0,0,0,0,0,0]} 1. c4 e5 2. g3 Nf6 3. Bg2 c6 4. d4 e4 5. Nc3 d5 6. Bg5 {A20: English Opening: 1...e5} Nbd7 7. cxd5 cxd5 8. Qb3 Bd6 9. Nh3 h6 10. Bf4 Nb6 11. Be5 Ng4 $146 12. Bxg7 Rg8 13. Be5 $1 $36 {[%cal Re5d6][%mdl 2048] Black is under pressure.} Nxe5 14. dxe5 Bxe5 15. Rd1 {[%cal Rc3d5]} Be6 {[#]} 16. Nxe4 $1 {[%mdl 512]} Qe7 (16... Qc8 $14) (16... dxe4 17. Rxd8+) 17. Nd2 $1 $16 O-O-O 18. Nf3 Bd6 19. Nd4 h5 20. O-O $1 Kb8 21. e3 h4 22. Nf4 hxg3 23. hxg3 Rh8 24. Nb5 ({Worse is} 24. Nxd5 Bxd5 25. Bxd5 Bxg3 $15) (24. Rfe1 $142) 24... Bc5 (24... Bxf4 $142 25. exf4 Bg4) 25. Qc3 Bd7 26. Nc7 ({Much weaker is} 26. Nxd5 $6 Nxd5 27. Rxd5 Bxb5 $11) 26... d4 (26... Bb4 $16 {keeps fighting.} 27. Ncxd5 Bxc3 28. Nxe7 Bxb2) 27. exd4 $18 Bd6 28. Rfe1 $2 ({White must play} 28. Qf3 $1 $18 {[%csl Gg2][%cal Rf3b7]} Bc6 29. Na6+ $1 {[%mdl 512]} bxa6 30. Qxc6 Bxf4 31. gxf4) 28... Qg5 $1 $11 29. Qf3 {[%csl Gg2][%cal Rf3b7]} Bc8 30. Nce6 fxe6 31. Nxe6 Qh6 32. Nxd8 Rxd8 33. Rc1 {White wants to mate with Rxc8+!} Qg7 34. Re4 Nd5 $2 {[#]} (34... Rf8 $11 {and Black is okay.} 35. Qe3 Rh8) 35. Rce1 $2 ({White has to play} 35. Rxc8+ $1 $18 {[%mdl 512]} Rxc8 (35... Kxc8 36. Rg4) 36. Rg4) 35... Nf6 36. Rh4 Ng4 37. Re4 {[%cal Rh4g4]} Nf6 38. Re1 Rf8 39. Bh3 {Black must now prevent Bxc8.} Bxh3 40. Rxh3 Ng4 41. Qd5 Bc7 $1 42. Re2 Rd8 (42... a6 $11) 43. Qf3 (43. Qe4 $16) 43... Qxd4 44. Rh7 Ne5 45. Qe4 {[#]} (45. Qc3 $11 {keeps the balance.} Qxc3 46. bxc3) 45... Qxe4 $1 $17 46. Rxe4 {[#]} Nf3+ $1 47. Kg2 Ng5 $1 {[%csl LRe4,LRh7]} 48. Rxc7 Kxc7 {[%mdl 4096] Endgame KRN-KR} 49. Re5 Nf7 50. Re2 Rd4 51. Re7+ Rd7 52. Re2 Kd8 53. f4 Rd3 54. Kh3 Nd6 55. Kh4 Nf5+ 56. Kg4 Nxg3 (56... Rd5 {with more complications.} 57. Rh2 Nd6 58. Kh4 Ke7 59. g4 Kf6) 57. Re1 $1 Rd2 58. Kxg3 {The position is equal.} Rxb2 $11 {KR-KR} 59. f5 {And now f6 would win.} Kd7 $1 60. a4 Rb4 61. a5 Rb5 62. Kg4 {Strongly threatening f6.} Rxa5 63. f6 Ra2 64. Re7+ Kc6 65. f7 Rf2 66. Kg5 {aiming for Re6+.} Rg2+ 67. Kh5 Rh2+ 68. Kg4 Rf2 69. Kg5 {Hoping for Re6+.} Rg2+ 70. Kh6 Rh2+ 71. Kg7 Rg2+ 72. Kh7 Rh2+ 73. Kg8 Rg2+ 74. Kh8 Rh2+ 75. Kg7 Rg2+ 76. Kf8 Rf2 77. Re6+ Kd5 78. Ke7 (78. Re8 {keeps more tension.} b5 79. Rb8 Kc4 80. Kg7 b4 81. Rc8+) 78... Rxf7+ $1 79. Kxf7 {KR-KPP} b5 80. Ra6 b4 81. Rxa7 {KR-KP} b3 82. Rc7 Kd4 $1 83. Ke6 b2 84. Rb7 Kc3 85. Kd5 Kc2 86. Kc4 b1=Q 87. Rxb1 Kxb1 {Precision: White = 60%, Black = 66%.} 1/2-1/2

[Event "9th LCC FIDE Open 2017"]
[Site "London"]
[Date "2017.12.08"]
[Round "8"]
[White "Handke, Florian"]
[Black "Sargissian, Gabriel"]
[Result "0-1"]
[WhiteElo "2526"]
[BlackElo "2672"]
[Annotator "TA"]
[PlyCount "112"]
[EventDate "2017.??.??"]
[EventCountry "ENG"]
[SourceTitle "playchess.com"]
[Source "ChessBase"]
[SourceQuality "1"]

{[%evp 24,112,0,0,0,0,0,0,0,0,0,0,0,0,0,0,0,-20,0,-71,-74,-66,-66,-70,-70,-70,-60,-80,-77,-104,-75,-99,-56,-50,-23,-151,-131,-150,-44,-50,-50,-57,-34,-87,-91,-185,-182,-156,-179,-180,-181,-215,-224,-229,-206,-227,-230,-239,-244,-344,-355,-353,-356,-346,-342,-363,-363,-363,-363,-363,-363,-349,-347,-401,-392,-362,-330,-412,-395,-525,-576,-836,-710,-1283,-618,-614,-612,-585,-577,-519,-506]} 1. e4 c6 2. d4 d5 3. Nd2 dxe4 4. Nxe4 Bf5 5. Ng3 Bg6 6. h4 h6 7. Nf3 Nd7 8. h5 Bh7 9. Bd3 Bxd3 10. Qxd3 e6 11. Bd2 Ngf6 12. O-O-O Be7 13. Kb1 Qb6 {B19: Classical Caro-Kann: 4...Bf5 main line} 14. Rhe1 O-O 15. Nf5 exf5 {The position is equal.} 16. Rxe7 Qd8 $1 {[%cal Rd8e7]} 17. Re2 Ne4 18. g3 Ndf6 19. Nh4 Qd7 20. Qf3 Qd5 {[#]} 21. Be1 $146 (21. Be3 $11 {remains equal.}) ({Predecessor:} 21. Bc1) 21... Rfe8 $36 {[%mdl 2048] Black is really pushing.} 22. Re3 {[#]} f4 $1 {[%mdl 512]} 23. Qxf4 Qxh5 {[%cal Rh5d1]} 24. Qf3 Qd5 25. Nf5 Re6 26. g4 Rae8 27. Qf4 Qd7 {And now ...Nd5 would win.} 28. c4 b5 29. Rh3 (29. f3 $11 {was the only way to keep the balance.} Ng5 30. Rxe6 Qxe6 31. d5) 29... Ng5 (29... bxc4 $2 30. Nxh6+ $1 {[%mdl 512]} Kf8 31. Nf5 $18) 30. Rxh6 Re4 ({Don't do} 30... gxh6 31. Nxh6+ Kh7 32. Nf5 $15) ({Better is} 30... Rxe1 $17 31. Qxg5 Rxd1+ 32. Kc2 Rd2+ $1 {[%mdl 512]} 33. Kb3 Rd3+ 34. Kc2 Rd2+ $1 {[%mdl 512]} 35. Kb3 Rd3+ 36. Kc2 Rd2+ $1 {[%mdl 512]}) 31. Qh2 $15 {[%csl Gh2][%cal Rh6h8]} ({Don't blunder} 31. Qxg5 $2 Rxg4 32. Qxf6 gxf6 $19) 31... Ngh7 32. Rxh7 $1 Nxh7 {[%cal Bf6h7,Bh7g5,Bg5e4][%mdl 32]} 33. Bc3 (33. Bb4 $15 Rxg4 34. Nd6) 33... Rxg4 $17 34. Ne3 {[#]} (34. Nd6 $17 {is a better defense.} Re6 35. Nf5) 34... Rg6 $1 $19 35. cxb5 cxb5 36. d5 Ng5 37. Qh4 Ne4 38. Bd4 Qe7 39. Qf4 Nd6 40. Ka1 Qe4 41. Qh2 (41. Qxe4 {was forced.} Nxe4 42. f3) 41... Qf3 42. Rc1 Nf5 43. Nxf5 Qxf5 44. Be3 Qxd5 45. Rh1 {[%csl Gh1][%cal Rh2h8]} f6 ({Resist} 45... Kf8 46. a3 $19) 46. Qh7+ Kf7 47. Rc1 {Black must now prevent Rc7+.} Re7 48. a3 a5 {[%cal Ba7a5,Ba5b4][%mdl 32]} 49. Qh4 Qf5 50. Qh8 b4 51. axb4 axb4 {( -> ...Qa5+). Black is clearly winning.} 52. Qb8 Rg4 53. Bc5 {[#]} Re8 (53... Rg1 $142 $1 {[%mdl 512]} 54. Rxg1 Qxc5) 54. Qb7+ Kg6 55. f3 Rg3 56. Bxb4 Qxf3 {Precision: White = 39%, Black = 70%.} 0-1

[Event "9th LCC FIDE Open 2017"]
[Site "London"]
[Date "2017.12.08"]
[Round "8"]
[White "Nihal Sarin"]
[Black "Cornette, Matthieu"]
[Result "1/2-1/2"]
[WhiteElo "2507"]
[BlackElo "2606"]
[Annotator "TA"]
[PlyCount "68"]
[EventDate "2017.??.??"]
[EventCountry "ENG"]
[SourceTitle "playchess.com"]
[Source "ChessBase"]
[SourceQuality "1"]

{[%evp 27,68,0,0,0,8,0,37,56,89,84,120,129,119,91,106,33,25,-71,-77,-74,-78,-60,-63,-122,-142,-149,-4,-8,-1,-11,-8,-66,-8,-8,-8,-12,-15,-9,0,0,0,0,0]} 1. d4 Nf6 2. c4 e6 3. Nc3 Bb4 4. Qc2 d5 5. cxd5 exd5 6. Bg5 {[%cal Bc1g5,Bg5h4,Bh4g3][%mdl 32]} h6 7. Bh4 c5 8. dxc5 g5 9. Bg3 Ne4 10. e3 {E35: Nimzoindisch (4.Dc2)} Qa5 (10... Bf5 11. Bxb8 Nxc3 12. Qxf5 Ne4+ 13. Ke2 Qxb8 14. Qxd5 {1-0 (14) Nakamura,H (2779)-Topalov,V (2760) Saint Louis 2016}) 11. Rc1 Qxa2 12. Bb5+ Bd7 13. Bxd7+ Nxd7 14. Nge2 Nxc3 {LiveBook: 13 Partien} 15. Nxc3 {[#] Und weiter mit 0-0 wäre nett.} Qc4 16. Rd1 {[#]} Qe4 $146 ({Vorgänger:} 16... Nxc5 17. h4 Rg8 18. hxg5 hxg5 19. Rd4 Qa6 20. f3 Bxc3+ 21. Qxc3 Rc8 22. Rd1 Ke7 23. Rh7 Ne6 24. Qb4+ Ke8 {½-½ (24) Weber,J (2569)-Linna,A (2571) ICCF email 2012}) 17. Qd2 Qc4 18. Qxd5 Bxc3+ 19. bxc3 Qxc3+ 20. Kf1 O-O-O {[#] Droht stark ...Se5.} 21. Qxf7 (21. Bd6 $1 $16) 21... Rhf8 $1 $14 {[%cal Rf8f7]} 22. Qa2 (22. Qe6 $11) 22... Nxc5 $17 23. Ke2 Nb3 $36 {[%mdl 2048] ( -> ...Dc4+). Weiss muss aufpassen.} 24. f3 Rfe8 25. Rhe1 (25. e4 $15) 25... Rxe3+ 26. Kf1 Rxe1+ (26... Rd2 $17 27. Qb1 Qc4+ 28. Kg1 Qd4) 27. Rxe1 $11 a5 {Weiss sollte ...Dc4+ verhindern.} 28. Bf2 b5 29. Kg1 Rd2 ({Besser ist} 29... a4 $15) 30. Qa3 {Droht Df8+ und aus.Die Stellung ist ausgeglichen.} Qb4 31. Qxb4 axb4 32. Rb1 Nd4 33. Be1 Rc2 34. Rxb4 Rc1 {Precision: Weiß = 39%, Schwarz = 51%.} 1/2-1/2